000 00985cab a2200289 4500
001 ABS59895
008 090401t1999 xxu||||| |||| 00| 0 eng d
035 _a(Sirsi) u90885
041 _aeng
100 _h
245 _aRoofing costs
260 _c1999
350 _a0
490 _aAJ Focus
_vJanuary 1999, 30(1)
520 _aA list of supply and fix costs for common pitched and flat-roof specifications of tiles, slates, built-up felt, single layer, mastic asphalt and metal roofing, provided by Davis Langdon & Everest. The rates are for typical competitively tendered contracts for medium-sized projects in the outer London area in December.
650 _aBUILT ENVIRONMENT-BUILDING COSTS
650 _aBUILT-UP ROOFING
650 _aCOSTS
650 _aDAVIS LANGDON & EVEREST
650 _aMETAL ROOFING
650 _aROOFING
650 _aSLATES
650 _aTILES
690 _aBUILT ENVIRONMENT-BUILDING COSTS
942 _n0
948 _c25/01/1999
999 _c57655
_d57655